Estatísticas para Digitos de Pi

Clique aqui para jogar o quiz

Estatísticas Gerais

  • Esse quiz foi jogado 72 466 vezes
  • A pontuação média é 7 de 50

Estatísticas das Respostas

#Digito% Correto
13,
100%
21
97%
34
95%
41
81%
55
70%
69
47%
72
33%
86
22%
95
15%
103
12%
115
10%
128
8%
139
7%
147
6%
163
5%
159
5%
172
4%
183
4%
222
3%
204
3%
216
3%
198
3%
253
2%
263
2%
244
2%
236
2%
330
1%
381
1%
292
1%
342
1%
283
1%
374
1%
325
1%
307
1%
358
1%
368
1%
278
1%
319
1%
399
1%
501
0%
411
0%
443
0%
473
0%
495
0%
426
0%
487
0%
407
0%
439
0%
459
0%
469
0%

Distribuição das Pontuações

Percentil de Números Respondidos

Porcentagem de Pessoas com Cada Pontuação

Sua Pontuação Histórica

Você não jogou esse quiz